000
00400nam a22001337a 4500
003
SGT
020
_a
9789351861874
082
_a
891.4309
_b
R15A
100
_a
अग्रवाल, प्रमोद कुमार
245
_a
राधा की पाती : कृष्ण के नाम
260
_b
प्रभात प्रकाशन
_c
2015
300
_a
120
942
_2
ddc
_c
BK
999
_c
31048
_d
31048